| 000 | 01681nam0a2200349 4500 | ||
|---|---|---|---|
| 001 | RU\NLR\bibl\8432 | ||
| 005 | 20260406051244.0 | ||
| 010 |
_a5-89614-005-3 _97000 |
||
| 021 |
_aRU _b98-9687 _9457 |
||
| 035 | _a(NLR Aleph) 000008233 | ||
| 090 |
_a26107 _c26107 |
||
| 100 | _a19981125d1998 |||y0rusy50 ca | ||
| 101 | 0 | _arus | |
| 102 | _aRU | ||
| 105 | _aa ||||||||| | ||
| 200 | 1 | _aДневник и поучения иеромонаха Петра Серегина | |
| 210 |
_aСПб. _cСветослов _d1998 |
||
| 215 |
_a255 с., [4] л. ил. _cил., портр. _d21 |
||
| 300 | _aНа 2-й с. загл.: Светильник Пюхтицкий: Жизнеописание и дневник старца Петра Пюхтицкого (Серегина) (21.08.1895 - 15.08.1982) | ||
| 517 | 0 |
_aСветильник Пюхтицкий _eЖизнеописание и дневник старца Петра Пюхтицкого(Серегина) |
|
| 600 | 1 |
_aСерегин _bП.Д. _f1895 - 1982 _gПетр Дмитриевич _92132768 _3RU\NLR\auth\661286484 |
|
| 600 | 0 |
_aПетр Пюхтицкий _c(Серегин, Петр Дмитриевич) _f1895 - 1982 _92079154 _3RU\NLR\auth\661255027 |
|
| 606 | 0 |
_aМонашество _yРоссия _91497484 _3RU\NLR\auth\66648042 |
|
| 686 | _aЭ372.24-37-028 | ||
| 700 | 0 |
_4070 _8rus _7ca _aПетр _cСерегин, Петр Дмитриевич _cиеромонах _f1895-1982 _3RU\NLR\AUTH\776570 _9116521 |
|
| 801 | 0 |
_aRU _bNLR _c19981125 _gPSBO |
|
| 801 | 1 |
_aRU _bNLR _c19981125 |
|
| 852 |
_aNLR _j98-3/2996 |
||
| 942 | _cBOOK | ||
| 980 | _aNB | ||